000 00330nam a22001217a 4500
008 180516b xxu||||| |||| 00| 0 eng d
041 _aeng
080 _a043.3
100 _a0
101 _aMBE-BTH
245 _aIdentifikimi i faktorëve që ndikojnë në kënaqshmërinë e klientëve me bankën
_cXheladini,B
942 _2udc
_cBK
999 _c45851
_d45851